Archeologia cristiana : (Record n. 23016)

Dettagli MARC
000 -LEADER
fixed length control field 00830nam a2200229 i 4500
003 - CONTROL NUMBER IDENTIFIER
control field IT-RoINE
005 - DATE AND TIME OF LATEST TRANSACTION
control field 20190920100507.0
008 - FIXED-LENGTH DATA ELEMENTS--GENERAL INFORMATION
fixed length control field 861210s1980 it ae|||r 00||| it |d
040 ## - CATALOGING SOURCE
Transcribing agency IT-RoINE
Modifying agency IT-RoINE
100 1# - MAIN ENTRY--PERSONAL NAME
Personal name Testini, Pasquale
9 (RLIN) 45448
245 10 - TITLE STATEMENT
Title Archeologia cristiana :
Remainder of title nozioni generali dalle origini alla fine del sec. VI. : propedeutica, topografia cimiteriale, epigrafia, edifici di culto /
Statement of responsibility, etc P. Testini.
250 ## - EDITION STATEMENT
Edition statement 2ª ed. con aggiunta di indice analitico e appendice bibliografica
260 ## - PUBLICATION, DISTRIBUTION, ETC. (IMPRINT)
Place of publication, distribution, etc Bari :
Name of publisher, distributor, etc Edipuglia,
Date of publication, distribution, etc 1980.
300 ## - PHYSICAL DESCRIPTION
Extent XVIII, 840 p. :
Other physical details il. ;
Dimensions 24 cm.
336 ## - CONTENT TYPE
Source rdacontent
Content type term text
337 ## - MEDIA TYPE
Source rdamedia
Media type term unmediated
338 ## - CARRIER TYPE
Source rdacarrier
Carrier type term volume
500 ## - GENERAL NOTE
General note Incluye índice.
504 ## - BIBLIOGRAPHY, ETC. NOTE
Bibliography, etc Incluye bibliografía.
650 #4 - SUBJECT ADDED ENTRY--TOPICAL TERM
9 (RLIN) 38260
Topical term or geographic name as entry element Antigüedades cristianas
942 ## - ADDED ENTRY ELEMENTS (KOHA)
Item type Monografías
Dati di copia
Withdrawn status Lost status Damaged status Not for loan Home library Current library Date acquired Total Checkouts Full call number Barcode Date last seen Price effective from Koha item type
        Iglesia Nacional Española en Roma Iglesia Nacional Española en Roma 01/03/2018   ART.ARQ 731 48064 01/03/2018 01/03/2018 Monografías